000 00304nam a22001337a 4500
008 170822b xxu||||| |||| 00| 0 eng d
020 _a9780669316650
041 _aeng
080 _a51
100 _a38
101 _aMAT
245 _aGEOMETRY AN INTEGRATED APPROACH
_cLARSON.B
942 _2udc
_cBK
999 _c24507
_d24507